College Quizbowl Stats
College Quizbowl Stats
Circuits
Seasons
Sets
Records
Detailed Stats
About
Loading...
2024 ACF Fall at Georgia
Tossups
Bonuses
Players
Teams
Categories (Tossup)
Categories (Bonus)
Zeke Collins
Auburn B
Categories
Category
Powers
Gets
Negs
BBs
Points
Earliest Buzz
Avg. Buzz
First Buzzes
Top 3 Buzzes
Science - Other Science
0
2
0
1
20
97
99.50
0
0
Pop Culture
0
2
1
0
15
47
65.00
0
1
Painting/Sculpture
0
0
0
0
0
0.00
0
0
Buzzes
Category
Answer
Value
Buzz Position
Pop Culture
Ron Swanson
-5
27
Pop Culture
Dolly Parton
10
47
Pop Culture
Challengers
10
83
Science - Other Science
Fibonacci numbers
10
97
Science - Other Science
bridges
10
102
Painting/Sculpture
van Eyck
0
122
Previous
1
Next